000 00994nmm a2200373 a 4500
003 AR-BaBNM
005 20251128205852.0
008 308019s1997 ||||||||||||||000 | spa||
020 _a968-880-874-1
040 _cAR-BaBNM
100 1 _aCase, Karl E.
245 1 0 _aPrincipios de microeconomía
250 _a4ª ed.
260 _aMéxico, D.F.
_bPrentice-Hall Hispanoamericana
_c1997
300 1 _axxv, 620 p.
_bil. gráfs.
500 0 _aIncluye diccionario de terminología económica
650 4 _aMICROECONOMIA
650 4 _aCONSUMIDORES
650 4 _aEMPRESAS
650 4 _aPRODUCCION
650 4 _aCOSTOS
650 4 _aINVERSION
650 4 _aCOMPETENCIA ECONOMICA
650 4 _aMONOPOLIOS
650 4 _aPOLITICA ECONOMICA
650 4 _aDISTRIBUCION DE INGRESOS
650 4 _aFINANZAS
650 4 _aECONOMIA INTERNACIONAL
650 4 _aCRECIMIENTO ECONOMICO
650 4 _aSISTEMAS ECONOMICOS
700 1 _aFair, Ray C.
942 _cBK
998 _claura
999 _c13089
_d13089